Civil society in good governance: A critical study of its role in India (Record no. 527668)

000 -LEADER
fixed length control field 01330nam a22001577a 4500
008 - FIXED-LENGTH DATA ELEMENTS--GENERAL INFORMATION
fixed length control field 240913b ||||| |||| 00| 0 eng d
100 ## - MAIN ENTRY--PERSONAL NAME
Personal name Vikash and Verma, Saroj Kumar
245 ## - TITLE STATEMENT
Title Civil society in good governance: A critical study of its role in India
260 ## - PUBLICATION, DISTRIBUTION, ETC. (IMPRINT)
Place of publication, distribution, etc Bihar Journal of Public Administration
300 ## - PHYSICAL DESCRIPTION
Extent 21(1), Jan-Jun, 2024: p.251-257
520 ## - SUMMARY, ETC.
Summary, etc Civic space is a massive value of a democratic country that makes the political system dynamic and accountable. Civil society inquires about problems from critical perspectives and creates a dialogue atmosphere among citizens. It is believed that civil society activity both precedes and serves as an indicator of successful governance. Political synergies, accountability frameworks, and community mobilization to assert entitlements are important aspects of the relationship between civil society and governance. As such the present paper examines the role of civil society in good governance for ensuring employment, empowerment, justice, and effective service delivery.

http://www.iipabiharbranch.org/upload/BJPA_Vol.%20XXI%20No.%201%20Jan-June.%202024.pdf
650 ## - SUBJECT ADDED ENTRY--TOPICAL TERM
Topical term or geographic name as entry element Good governance, Civil society, Development, Wlfare, India.
9 (RLIN) 47638
773 ## - HOST ITEM ENTRY
Main entry heading Bihar Journal of Public Administration
906 ## - LOCAL DATA ELEMENT F, LDF (RLIN)
Subject DIP CIVIL SOCIETY
942 ## - ADDED ENTRY ELEMENTS (KOHA)
Item type Articles
Holdings
Withdrawn status Lost status Source of classification or shelving scheme Damaged status Not for loan Permanent location Current location Date acquired Serial Enumeration / chronology Barcode Date last seen Koha item type
          Indian Institute of Public Administration Indian Institute of Public Administration 2024-09-13 21(1), Jan-Jun, 2024: p.251-257 AR133104 2024-09-13 Articles

Powered by Koha